Philosopher avec les oeuvres littéraires (notice n° 2175008)

détails MARC
000 -LEADER
fixed length control field 01410cam a2200133 4500500
005 - DATE AND TIME OF LATEST TRANSACTION
control field 20260405051044.0
041 ## - LANGUAGE CODE
Language code of text/sound track or separate title fre
042 ## - AUTHENTICATION CODE
Authentication code dc
100 10 - MAIN ENTRY--PERSONAL NAME
Personal name Bardyn, Christophe
Relator term author
245 00 - TITLE STATEMENT
Title Philosopher avec les oeuvres littéraires
260 ## - PUBLICATION, DISTRIBUTION, ETC.
Name of publisher, distributor, etc. Armand Colin,<br/>
Date of publication, distribution, etc. 2016.<br/>
520 ## - SUMMARY, ETC.
Summary, etc. Les grandes œuvres littéraires offrent une porte d’entrée passionnante pour toutes les problématiques principales de la philosophie. Quand il s’agit des classiques, les textes littéraires ne doivent pas être considérés comme de simples supports, prétextes finalement vite oubliés avant de passer aux débats d’idées. Plus souvent qu’on ne l’imagine, une œuvre littéraire a posé un concept, voire défini une problématique, bien avant qu’un philosophe ne s’en empare et ne les travaille sur un plan logique. En suivant le fil directeur du programme de philosophie des classes de terminale, ce manuel offre aux étudiants et aux enseignants de littérature, de philosophie, mais aussi d’histoire, une véritable initiation au fondement de la culture générale, socle commun de la formation du citoyen par l’école – où l’on apprendra, par exemple, en quoi Don Quichotte annonce Descartes, ou comment comprendre Rousseau avec Robinson Crusoé.
856 41 - ELECTRONIC LOCATION AND ACCESS
Uniform Resource Identifier <a href="https://shs.cairn.info/philosopher-avec-les-oeuvres-litteraires--9782200611866?lang=fr&redirect-ssocas=7080">https://shs.cairn.info/philosopher-avec-les-oeuvres-litteraires--9782200611866?lang=fr&redirect-ssocas=7080</a>

Pas d'exemplaire disponible.

PLUDOC

PLUDOC est la plateforme unique et centralisée de gestion des bibliothèques physiques et numériques de Guinée administré par le CEDUST. Elle est la plus grande base de données de ressources documentaires pour les Étudiants, Enseignants chercheurs et Chercheurs de Guinée.

Adresse

627 919 101/664 919 101

25 boulevard du commerce
Kaloum, Conakry, Guinée

Réseaux sociaux

Powered by Netsen Group @ 2025